सुख येता तुम्च्या दारी / (Record no. 47821)

MARC details
000 -LEADER
fixed length control field 01018nam a22002537a 4500
005 - DATE AND TIME OF LATEST TRANSACTION
control field 20100927123449.0
008 - FIXED-LENGTH DATA ELEMENTS--GENERAL INFORMATION
fixed length control field 100927t xxu||||| |||| 00| 0mar d
010 ## - LCCN (DPL NO)
LC control number MAR-20304
020 ## - INTERNATIONAL STANDARD BOOK NUMBER
Terms of availability 260.00
International Standard Book Number 9788172948177
035 ## - SYSTEM CONTROL NUMBER
System control number MR-12962
037 ## - SOURCE OF ACQUISITION
Source of stock number/acquisition DBAD / PUB
040 ## - CATALOGING SOURCE
Original cataloging agency DPL
Language of cataloging MR
082 ## - DEWEY DECIMAL CLASSIFICATION NUMBER
Classification number 158.1
100 ## - MAIN ENTRY--PERSONAL NAME
Personal name काकडे,मधुकर
9 (RLIN) 21959
245 ## - TITLE STATEMENT
Title सुख येता तुम्च्या दारी /
Statement of responsibility, etc मधुकर काकडे
246 ## - VARYING FORM OF TITLE
Title proper/short title Sukh Yeta Tumachya Dari
Remainder of title by Madhukar kakade
260 ## - PUBLICATION, DISTRIBUTION, ETC. (IMPRINT)
Place of publication, distribution, etc पुणे
Name of publisher, distributor, etc दिलीपराज प्रकाशन
Date of publication, distribution, etc 2010
270 ## - ADDRESS
Address 251,क शनिवार पेट
City पुणे
300 ## - PHYSICAL DESCRIPTION
Extent सतरा,267पृ
Dimensions 21सेमी (अजिल्द)
650 ## - SUBJECT ADDED ENTRY--TOPICAL TERM
9 (RLIN) 21960
650 ## - SUBJECT ADDED ENTRY--TOPICAL TERM
9 (RLIN) 21961
942 ## - ADDED ENTRY ELEMENTS (KOHA)
Source of classification or shelving scheme Dewey Decimal Classification
Item type Marathi Books
Call number suffix काकडे
Classification part 158.1
Holdings
Withdrawn status Lost status Source of classification or shelving scheme Damaged status Not for loan Collection code Home library Current library Date acquired Source of acquisition Cost, normal purchase price Total Checkouts Full call number Barcode Date last seen Copy number Cost, replacement price Koha item type
    Dewey Decimal Classification   Not For Loan Non-fiction D.B.Act.Division D.B.Act.Division 27/09/2010 DBAD / PUB 260.00   काकडे MR-12962 27/09/2010 1 260.00 Marathi Books

© Delhi Public Library
Hit Counter
free hit counter